Matematika pre ekonómov 1
Guardado en:
| Autor principal: | |
|---|---|
| Otros Autores: | , |
| Formato: | Libro |
| Lenguaje: | eslovaco |
| Publicado: |
Bratislava
Alfa
1984
|
| Colección: | Edícia matematicko-fyzikálnej literatúry
|
| Etiquetas: |
Sin Etiquetas, Sea el primero en etiquetar este registro!
|
MARC
| LEADER | 00000nam a2200000 4500 | ||
|---|---|---|---|
| 001 | c111283 | ||
| 005 | 20230116103411.0 | ||
| 041 | 0 | |a slo | |
| 044 | |a SK | ||
| 245 | 1 | 0 | |a Matematika pre ekonómov 1 |c Vladimír Huťka, Eduard Benko, Júlia Žilinková |
| 264 | 1 | |a Bratislava |b Alfa |c 1984 | |
| 300 | |a 365 s. | ||
| 490 | 1 | |a Edícia matematicko-fyzikálnej literatúry | |
| 830 | 0 | |a Edícia matematicko-fyzikálnej literatúry | |
| 100 | 1 | |a Huťka, Vladimír | |
| 700 | 1 | |a Benko, Eduard | |
| 700 | 1 | |a Žilinková, Júlia | |